The school of biblical evangelism : (Record no. 2302)

MARC details
000 -LEADER
fixed length control field 00980cam a2200301 a 4500
001 - CONTROL NUMBER
control field 140907
003 - CONTROL NUMBER IDENTIFIER
control field GBCCL
005 - DATE AND TIME OF LATEST TRANSACTION
control field 20241126110426.0
008 - FIXED-LENGTH DATA ELEMENTS--GENERAL INFORMATION
fixed length control field 051117s2004 flua 000 0 eng
010 ## -
-- 2004447960
020 ## - INTERNATIONAL STANDARD BOOK NUMBER
International Standard Book Number 0882709682 (pbk.)
020 ## - INTERNATIONAL STANDARD BOOK NUMBER
International Standard Book Number 9780882709680 (pbk.)
035 ## - SYSTEM CONTROL NUMBER
System control number (OCoLC)ocm56769047
035 ## - SYSTEM CONTROL NUMBER
System control number (OCoLC)56769047
040 ## - CATALOGING SOURCE
Original cataloging agency DLC
Transcribing agency DLC
Modifying agency BAKER
-- BTCTA
-- OCLCG
-- LBB
049 ## -
-- LBBK
050 00 -
-- BV3796
-- .C36 2004
082 0# - DEWEY DECIMAL CLASSIFICATION NUMBER
Classification number 269.2
Edition information 22
Item number CAM
082 0# - DEWEY DECIMAL CLASSIFICATION NUMBER
Classification number 253.7
090 ## - LOCALLY ASSIGNED LC-TYPE CALL NUMBER (OCLC); LOCAL CALL NUMBER (RLIN)
Classification number (OCLC) (R) ; Classification number, CALL (RLIN) (NR) BV3796
Local cutter number (OCLC) ; Book number/undivided call number, CALL (RLIN) .C36 2004
100 1# - MAIN ENTRY--PERSONAL NAME
Personal name Cameron, Kirk,
Dates associated with a name 1970-
9 (RLIN) 4766
245 14 - TITLE STATEMENT
Title The school of biblical evangelism :
Remainder of title 101 lessons : how to share your faith simply, effectively, biblically-- the way Jesus did /
Statement of responsibility, etc. Kirk Cameron, Ray Comfort.
260 ## - PUBLICATION, DISTRIBUTION, ETC.
Place of publication, distribution, etc. Gainesville, Fla. :
Name of publisher, distributor, etc. Bridge-Logos Publishers,
Date of publication, distribution, etc. c2004.
300 ## - PHYSICAL DESCRIPTION
Extent 768 p. :
Other physical details ill. ;
Dimensions 23 cm.
650 #0 - SUBJECT ADDED ENTRY--TOPICAL TERM
Topical term or geographic name entry element Evangelistic work
General subdivision Study and teaching.
9 (RLIN) 4767
700 1# - ADDED ENTRY--PERSONAL NAME
Personal name Comfort, Ray.
9 (RLIN) 380
942 ## - ADDED ENTRY ELEMENTS (KOHA)
Source of classification or shelving scheme Dewey Decimal Classification
Koha item type Books
Holdings
Withdrawn status Lost status Source of classification or shelving scheme Damaged status Not for loan Home library Current Library Shelving location Date acquired Total checkouts Full call number Barcode Date last seen Date last checked out Copy number Price effective from Koha item type
    Dewey Decimal Classification     GRACE BIBLE COLLEGE GRACE BIBLE COLLEGE Ministry & Mission 2017-07-31 1 269.2 CAM 010272 2025-09-24 2025-09-22 c.1 2017-07-31 Books
© Grace Bible College Library 2025